| 000 | 00759nas a2200277 4500 | ||
|---|---|---|---|
| 001 | BR9900214 | ||
| 003 | BR-BrBNA | ||
| 005 | 20231205101158.0 | ||
| 007 | ta | ||
| 008 | 230509b bl.|||p| |||| 00| 00por d | ||
| 040 |
_aBR-BrBNA _bpor _cBiblioteca Nacional de Agricultura |
||
| 041 | _a(Pt) | ||
| 072 | _aJ11 | ||
| 100 | 1 | _aBizzeto, A. | |
| 100 | 1 | _aLevy, R.M. | |
| 100 | 1 | _aHomechin, M. | |
| 100 | 1 | _aDestro, D. | |
| 100 | 1 | _aMiranda, L.A. | |
| 245 | 1 | _aQualidade sanitaria de graos de soja tipo alimento | |
| 650 | _aFungo | ||
| 650 | _aSemente | ||
| 650 | _aSoja | ||
| 773 | 0 |
_tSemina Ciencias Agrarias (Brazil) _xISSN 0101-3742 _g(Mar 1996), v. 17(1) p. 9-14 _wBR9900214 |
|
| 909 |
_a202311 _bLúcia _c55 _dLúcia Elande |
||
| 942 |
_2AGRIS _n0 _cANA |
||
| 999 |
_c160254 _d160254 |
||